The misspeller's dictionary. (Record no. 945)

000 -LEADER
fixed length control field 00627nam a2200205 a 4500
001 - CONTROL NUMBER
control field :::00014124$&:&@@
003 - CONTROL NUMBER IDENTIFIER
control field OkBaRHE
005 - DATE AND TIME OF LATEST TRANSACTION
control field 20100325145141.0
008 - FIXED-LENGTH DATA ELEMENTS--GENERAL INFORMATION
fixed length control field s1974 j 000 0 eng u
020 ## - INTERNATIONAL STANDARD BOOK NUMBER
International Standard Book Number 0812903277
040 ## - CATALOGING SOURCE
Transcribing agency
100 1# - MAIN ENTRY--PERSONAL NAME
Personal name Norback, Peter G. and Norback, Craig T.
245 14 - TITLE STATEMENT
Title The misspeller's dictionary.
260 ## - PUBLICATION, DISTRIBUTION, ETC. (IMPRINT)
Place of publication, distribution, etc New York, NY., :
Name of publisher, distributor, etc Quadrangle
Date of publication, distribution, etc 1974
300 ## - PHYSICAL DESCRIPTION
Extent 1 v. (unpaged) ;
Dimensions 22 cm.
650 ## - SUBJECT ADDED ENTRY--TOPICAL TERM
Topical term or geographic name as entry element Spellers
700 ## - ADDED ENTRY--PERSONAL NAME
Personal name Norback, Craig T., Joint author.
942 ## - ADDED ENTRY ELEMENTS (KOHA)
Source of classification or shelving scheme
Koha item type Books
Copies
Full call number Date last seen Damaged status Withdrawn status Source of classification or shelving scheme Not for loan Copy number Barcode Permanent Location Koha item type Collection code Date acquired Price effective from Lost status Shelving location
PE 1146 .N72010-04-14    114124RHEMA Bible Training CollegeBooksReference2010-04-142010-04-14 General Stacks